000 00729nam a2200241Ia 4500
005 20260430150517.0
008 008 250103s9999 xx 000 0 eng d
037 _aTheses
040 _aCRL
040 _beng
040 _ceng
041 _2eng
041 _aeng
084 _qCRL
100 _aMehtab Wajiha Au.; Malhotra Anita Gu.; Makharia Govind R. Gu.
_91237715
245 0 _aDevelopment and Validation of a Tool for Assessment of Assessment of Adherence to Gluten Free Diet in Patients with Celliac Disease
260 _c2023
300 _a243p.
650 _aHome Science
700 _aUniversity of Delhi. Faculty of Science. Deptt.of Home Science
_91237716
942 _cTH
999 _c1849956
_d1849956